000 00485nam a2200181Ia 4500
005 20250326124223.0
008 250326s9999 xx 000 0 und d
037 _aTextbook
040 _aFMSL
_beng
_cFMSL
041 _aeng
_2eng
084 _aX:51.1 K7;1
_qFMSL
100 _aRyans J K
_9737012
245 0 _aWorld marketing
_cRyans J K; Baker J C
260 _aNY
_bNY, John Wiley
_c1967
300 _a391p
942 _cTB
_hX:51.1 K7;1
999 _c1272805
_d1272805